| 000 -LEADER |
| fixed length control field |
00722cam a2200193 i 4500 |
| 001 - CONTROL NUMBER |
| control field |
18517166 |
| 005 - DATE AND TIME OF LATEST TRANSACTION |
| control field |
20221111104117.0 |
| 008 - FIXED-LENGTH DATA ELEMENTS--GENERAL INFORMATION |
| fixed length control field |
150306s2015 enk b 001 0 eng |
| 020 ## - INTERNATIONAL STANDARD BOOK NUMBER |
| International Standard Book Number |
9781137321275x |
| 080 ## - UNIVERSAL DECIMAL CLASSIFICATION NUMBER |
| Universal Decimal Classification number |
327 D-71 |
| 100 1# - MAIN ENTRY--PERSONAL NAME |
| Personal name |
Dominguez, Roberto |
| Dates associated with a name |
|
| 9 (RLIN) |
11317 |
| 245 10 - TITLE STATEMENT |
| Title |
EU Foreign Policy towards Latin America / |
| Statement of responsibility, etc. |
Roberto Dominguez. |
| 264 #1 - PRODUCTION, PUBLICATION, DISTRIBUTION, MANUFACTURE, AND COPYRIGHT NOTICE |
| Place of production, publication, distribution, manufacture |
New York, NY : |
| Name of producer, publisher, distributor, manufacturer |
Palgrave Macmillan, |
| Date of production, publication, distribution, manufacture, or copyright notice |
2015. |
| 300 ## - PHYSICAL DESCRIPTION |
| Extent |
187 pages ; |
| Dimensions |
23 cm. |
| 653 ## - INDEX TERM--UNCONTROLLED |
| keyword |
EU Foreign Policy towards Latin America |
| 653 ## - INDEX TERM--UNCONTROLLED |
| keyword |
ევროკავშირის საგარეო პოლიტიკა ლათინური ამერიკის მიმართ |
| 653 ## - INDEX TERM--UNCONTROLLED |
| keyword |
პოლიტიკა |
| 942 ## - ADDED ENTRY ELEMENTS (KOHA) |
| Source of classification or shelving scheme |
|
| Koha item type |
წიგნი |